Find the odd logo out #4 - Statistics

General Stats
  • This quiz has been taken 32 times
  • The average score is 9 of 10
Answer Stats
Question Answer % Correct
Disney 'O's
100%
Airline companies
100%
Deers of Alcohol brands
100%
Tim Burton's 'W's
100%
Banks in the United Kingdom
100%
TV channels
100%
Explore the wonders of the animal kingdom
80%
Sportswear manufacturers
80%
'A's from DC universe
80%
European video game companies
60%
No matching quizzes found
Score Distribution
Percent of People with Each Score
Percentile by Number Answered
Your Score History
You have not taken this quiz